[Event "Kiev Spring op"]
[Site "Kiev"]
[Date "2021.07.15"]
[Round "7"]
[White "Torba, Semen"]
[Black "Nykytynets, Pavlo"]
[Result "0-1"]
[WhiteElo "1064"]
[BlackElo "1481"]
[PlyCount "68"]
[EventDate "2021.07.10"]
[EventType "swiss"]
[EventRounds "9"]
[EventCountry "UKR"]
[SourceTitle "EXT 2024"]
[Source "ChessBase"]
[SourceDate "2023.10.10"]
[SourceVersion "1"]
[SourceVersionDate "2023.10.10"]
[SourceQuality "1"]

1. e4 e5 2. Nf3 Nc6 3. Bc4 Bc5 4. 0-0 Nf6 5. Nxe5 Nxe5 6. d4 Nxc4 7. dxc5 d6 8. b3 Ne5 9. f4 Nc6 10. cxd6 Qxd6 11. e5 Qxd1 12. Rxd1 Ng4 13. h3 Nh6 14. Nc3 Bd7 15. g4 0-0-0 16. Ba3 f6 17. exf6 gxf6 18. Nd5 Bxg4 19. hxg4 Nxg4 20. Rd3 Rhg8 21. Kf1 Rxd5 22. Rxd5 Ne3+ 23. Ke2 Nxd5 24. Rh1 Rg7 25. f5 Nce7 26. c4 Nb6 27. Bb2 Rf7 28. Rh5 Nd7 29. Ke3 Ne5 30. Ke4 N7c6 31. b4 Nxc4 32. Bc3 Re7+ 33. Kd5 Nb6+ 34. Kc5 Rd7 0-1